00429nam a2200181Ia 4500003000400000005001700004008004100021020001800062040000700080041000800087082001600095100002200111245003900133250000600172260004000178300001600218365001300234OSt20230403150218.0210423s2010 xx 000 0 und d a9788130905181 cAL aeng a418.02 GENE aGENTZLER (Edwin). aContemporary translation theories. a2 aNew DelhibViva Books Pvt Ltdc2010 axiv,232bPB b395cINR